[Event "93rd ARG-ch 2018"]
[Site "Laprida"]
[Date "2018.07.20"]
[Round "4"]
[White "Slipak, Sergio"]
[Black "Perez Ponsa, Federico"]
[Result "1/2-1/2"]
[WhiteElo "2411"]
[BlackElo "2547"]
[Annotator "TA"]
[PlyCount "20"]
[EventDate "2018.07.17"]
[EventType "tourn"]
[EventCountry "ARG"]
[SourceTitle "playchess.com"]
[Source "ChessBase"]
[SourceQuality "1"]

{[%evp 16,20,16,9,14,9,2]} 1. d4 Nf6 2. Nf3 g6 3. e3 Bg7 4. Be2 O-O 5. O-O c5 6. dxc5 {A48: 1 d4 Nf6 2 Nf3 g6: Torre, London and Colle Systems} Na6 {[%cal Bb8a6,Ba6c5,Bc5e4,Be4c3][%mdl 32]} 7. c4 Nxc5 8. b4 (8. Nc3 b6 9. Nd4 Bb7 10. f3 d5 11. cxd5 Nxd5 12. Nxd5 Qxd5 13. Nb3 Na4 14. Qxd5 Bxd5 15. Rb1 Rac8 16. e4 Bc4 17. Bxc4 Rxc4 {½-½ (53) Dominguez Perez,L (2739)-Hammer,J (2631) chess.com INT 2018}) 8... Nce4 9. Bb2 {LiveBook: 3 Games} b6 10. Nc3 $146 ({Predecessor:} 10. Nbd2 Bb7 11. Nxe4 Bxe4 12. Rc1 Qc7 13. Nd4 {0-1 (43) Betaneli,A (2204)-Li,R (2564) Saint Louis 2017}) 10... Nxc3 1/2-1/2

[Event "93rd ARG-ch 2018"]
[Site "Laprida"]
[Date "2018.07.20"]
[Round "4"]
[White "Benedetti, Julio"]
[Black "Gomez, Carlos David"]
[Result "1/2-1/2"]
[WhiteElo "2364"]
[BlackElo "2356"]
[Annotator "NA"]
[PlyCount "193"]
[EventDate "2018.07.17"]
[EventType "tourn"]
[EventCountry "ARG"]
[SourceTitle "playchess.com"]
[Source "ChessBase"]
[SourceQuality "1"]
[TimeControl "40/5400+30:1800+30"]

1. e4 c5 2. Nf3 Nc6 3. d4 cxd4 4. Nxd4 e5 5. Nb5 d6 6. N1c3 a6 7. Na3 b5 8. Nd5 Nf6 9. Be3 Rb8 10. f3 Nxd5 11. Qxd5 Qc7 12. Qd2 Be7 13. Bd3 O-O 14. O-O Be6 15. b3 Rfd8 16. Nb1 d5 17. exd5 Bxd5 18. a3 e4 19. fxe4 Bxe4 20. Qf2 Bxd3 21. cxd3 Bf6 22. Ra2 Rxd3 23. Kh1 Re8 24. Bf4 Qd7 25. Rd2 Rxd2 26. Nxd2 Nd4 27. Be3 Nc2 28. Bf4 Nd4 29. Be3 Qd5 30. Rb1 Nc2 31. Bc5 Qd3 32. Nf3 Nd4 33. Re1 Rxe1+ 34. Qxe1 Ne6 35. h3 Qxb3 36. Qe4 h6 37. Bb4 Qd1+ 38. Kh2 Qd8 39. Qe1 Ng5 40. Ng1 Qc7+ 41. Kh1 Qe5 42. Qc1 Qa1 43. Ne2 Ne4 44. Qxa1 Bxa1 45. g3 Be5 46. Kg2 Nd6 47. Kf3 Nc4 48. Ke4 Bb2 49. Kd5 Nxa3 50. Kc5 Nc4 51. Be1 Ba3+ 52. Kc6 b4 53. Kc5 Ne5 54. Kd5 Nd3 55. Bd2 b3 56. Kc4 b2 57. Nc3 Nc1 58. Nb1 Bd6 59. Bc3 Ne2 60. Bxb2 Bxg3 61. Nd2 Ng1 62. Ne4 Bh4 63. Nc5 a5 64. Bc3 Nxh3 65. Bxa5 Be7 66. Nd3 g5 67. Kd4 Bd6 68. Ke4 Kg7 69. Kf5 Nf4 70. Bc3+ Kg8 71. Nf2 Nd5 72. Bb2 Ne3+ 73. Ke4 Nc4 74. Bc3 Bf8 75. Ng4 Bg7 76. Bb4 h5 77. Nf2 f6 78. Kf5 Ne3+ 79. Kg6 Nd5 80. Bd2 h4 81. Bxg5 fxg5 82. Kxg5 Bf6+ 83. Kg4 Kf7 84. Ne4 Ne3+ 85. Kf4 Nd5+ 86. Kg4 Be7 87. Nd2 Kg6 88. Nf3 Ne3+ 89. Kf4 Ng2+ 90. Kg4 Ne3+ 91. Kf4 Ng2+ 92. Kg4 Bf6 93. Kh3 Nf4+ 94. Kg4 Ng2 95. Kh3 Ne3 96. Nxh4+ Kg5 97. Kg3 1/2-1/2

[Event "93rd ARG-ch 2018"]
[Site "Laprida"]
[Date "2018.07.20"]
[Round "4"]
[White "Lujan, Carolina"]
[Black "Peralta, Fernando"]
[Result "1/2-1/2"]
[WhiteElo "2329"]
[BlackElo "2563"]
[Annotator "TA"]
[PlyCount "54"]
[EventDate "2018.07.17"]
[EventType "tourn"]
[EventCountry "ARG"]
[SourceTitle "playchess.com"]
[Source "ChessBase"]
[SourceQuality "1"]

{[%evp 12,54,23,25,29,26,26,26,32,33,36,24,29,30,25,10,12,10,27,-19,-23,-20,-3,-41,-24,-35,-23,-37,-23,-41,-17,-40,-46,-62,-53,-46,0,0,18,16,10,0,46,4,4]} 1. e4 c6 2. Nc3 d5 3. Nf3 Bg4 4. h3 Bxf3 5. Qxf3 Nf6 6. d4 dxe4 7. Qe3 {LiveBook: 55 Games} g6 {B11: Caro-Kann: Two Knights Variation} (7... Nbd7 8. Nxe4 Nxe4 9. Qxe4 g6 10. Be2 Bg7 11. O-O O-O 12. Rd1 Re8 13. c3 Qc7 14. d5 c5 15. Bf4 Be5 16. Be3 Rac8 17. a4 {½-½ (44) Bacrot,E (2715)-Ponomariov,R (2699) Biel 2017}) 8. Nxe4 Nxe4 9. Qxe4 Bg7 {White has an edge.} 10. c3 Nd7 {[%cal Bb8d7,Bd7f6,Bf6d5][%mdl 32]} 11. Bc4 e6 12. O-O O-O 13. Bf4 $146 ({Predecessor:} 13. Rd1 Nf6 14. Qh4 Nd5 15. Qxd8 Rfxd8 {½-½ (35) Collins,S (2491)-D'Costa,L (2430) Bunratty 2015}) 13... Nf6 14. Qf3 Nd5 15. Be5 Bxe5 16. dxe5 Qg5 17. Rfe1 Rad8 {[%cal Ba8d8,Bd8d2,Bd2c2][%mdl 32]} 18. Bf1 Nb6 19. Re4 Rd2 20. h4 Qe7 (20... Qf5 {is more complex.} 21. Qe3 Nd5 22. Qxd2 Qxe4 23. c4 Nb6) 21. b3 Rfd8 22. Qe3 Rc2 23. c4 $1 c5 24. h5 Rcd2 ({But not} 24... gxh5 25. Qh6 $16) 25. g3 Nc8 26. Be2 R2d4 27. Kg2 Rxe4 {Precision: White = 40%, Black = 57%.} 1/2-1/2

[Event "93rd ARG-ch 2018"]
[Site "Laprida"]
[Date "2018.07.22"]
[Round "5"]
[White "Pichot, Alan"]
[Black "Slipak, Sergio"]
[Result "1-0"]
[WhiteElo "2564"]
[BlackElo "2411"]
[Annotator "TA"]
[PlyCount "95"]
[EventDate "2018.07.17"]
[EventType "tourn"]
[EventCountry "ARG"]
[SourceTitle "playchess.com"]
[Source "ChessBase"]
[SourceQuality "1"]

{[%evp 26,95,41,25,37,37,33,31,50,25,18,1,6,0,0,0,0,0,37,25,68,13,14,0,10,0,24,0,31,28,31,33,27,27,23,20,20,20,39,26,30,19,75,22,35,32,39,39,33,29,131,135,135,139,135,135,136,142,122,94,103,108,179,185,334,324,344,238,438,239,425,339]} 1. e4 d6 2. d4 Nf6 3. Nc3 e5 4. Nf3 Nbd7 5. Bc4 Be7 6. a4 O-O 7. O-O c6 8. h3 Nxe4 9. Nxe4 d5 10. Re1 {C41: Philidor Defence} exd4 11. Bxd5 cxd5 12. Ng3 d3 13. Qxd3 Nc5 14. Qd1 {LiveBook: 3 Games} (14. Qd4 {keeps more tension.} Be6 15. Be3 Rc8 16. Nh5 f6 17. Nf4) 14... Be6 15. Nd4 Rc8 16. Bf4 Qd7 17. Be5 f6 $146 ({Predecessor:} 17... Rfe8 18. Nxe6 Nxe6 {1-0 (26) Naroditsky,D (2622)-Oratovsky,M (2490) Benasque 2015}) 18. Bf4 Rfe8 $1 19. Nxe6 Nxe6 20. Nf5 Bf8 ({But not} 20... Nxf4 $2 21. Qg4 $18) 21. Be3 a6 22. c3 Rc4 23. Qf3 (23. Bb6 $14) 23... Re4 {Strongly threatening ...Ng5.} 24. Red1 {aiming for Qxe4!} Re5 {White must now prevent ...Ng5.} 25. Qg4 Kh8 26. Nh4 {Hoping for Nf3.} Qc6 27. Nf3 Re4 28. Qf5 $36 {[%mdl 2048] Black is under pressure.} Rxa4 29. Rxa4 Qxa4 30. Qxd5 Nc7 31. Qd3 Qc6 32. Qf5 Ne6 33. h4 {[%cal Bh3h4,Bh4h5][%mdl 32]} Bc5 (33... Nc5 $11) 34. Re1 ({Better is} 34. Bxc5 $16 Nxc5 35. Nd4) 34... Bxe3 35. Rxe3 Kg8 36. h5 h6 37. Qg4 Ng5 (37... Kf7 $11 {remains equal.}) 38. Nd4 $16 Re4 39. f4 Qe8 40. Rxe4 $1 Nxe4 41. Nf5 $1 {[%csl Gf5][%cal Rg4g7]} Qf8 42. Nxh6+ Kh8 43. Nf5 Qc5+ (43... Nd6 $16 {was called for.}) 44. Kh2 $18 {[%csl Gf5][%cal Rg4g7]} Qc7 {[#]} (44... Qf8 {might work better.} 45. Qe2 Qe8) 45. Nh4 $1 Qc5 46. Qg6 Qe3 $2 {[#]} (46... Nd6 {keeps fighting.} 47. h6 Qc7) 47. Qxg7+ $1 {[%mdl 512]} Kxg7 48. Nf5+ {Precision: White = 54%, Black = 37%.} 1-0

[Event "93rd ARG-ch 2018"]
[Site "Laprida"]
[Date "2018.07.22"]
[Round "5"]
[White "Peralta, Fernando"]
[Black "Sosa, Tomas"]
[Result "1-0"]
[WhiteElo "2563"]
[BlackElo "2467"]
[Annotator "TA"]
[PlyCount "95"]
[EventDate "2018.07.17"]
[EventType "tourn"]
[EventCountry "ARG"]
[SourceTitle "playchess.com"]
[Source "ChessBase"]
[SourceQuality "1"]

{[%evp 20,95,14,18,19,16,25,14,19,12,12,12,12,17,14,14,23,12,22,8,9,9,16,16,17,7,27,20,33,33,33,33,37,33,35,29,29,24,24,32,39,31,49,52,51,50,51,55,189,189,189,189,189,189,189,189,189,189,189,189,540,540,2531,1306,6406,6371,5327,5293,29972,29973,29974,29975,29976,29977,29975,29977,29979,29980]} 1. d4 Nf6 2. c4 e6 3. Nc3 Bb4 4. e3 O-O 5. Bd3 d5 6. Nf3 b6 7. O-O Bb7 8. cxd5 exd5 9. a3 Bd6 10. b4 Re8 {E52: Nimzoindisch (Moderne Variante)} 11. Qb3 {LiveBook: 9 Partien} Ne4 12. Bb2 Nxc3 $146 {Die Stellung ist ausgeglichen.} ({Vorgänger:} 12... Re6 13. Rad1 Rh6 14. Ne5 Nxc3 15. Bxc3 Bxe5 16. dxe5 Qh4 17. h3 d4 18. Bc4 dxc3 19. Bxf7+ {1-0 (40) Polugaevsky,L (2630)-Sokolov,A (2565) France 1992}) 13. Qxc3 Nd7 14. b5 a6 15. a4 axb5 16. axb5 Qe7 17. Rfc1 Rec8 18. g3 h6 19. Bf5 Rxa1 20. Rxa1 {Droht stark Ta7.} Ra8 21. Rxa8+ Bxa8 22. Qc2 Qe8 23. Qa4 Nf8 24. Ba3 Bxa3 $1 25. Qxa3 Bb7 26. Qb3 (26. Qa4 {feels hotter.} g6 27. Bd3 Nh7 28. Ne5 Nf6 29. h4) 26... g6 27. Bh3 Nh7 28. Ne5 Nf6 29. Qc2 Qe7 30. Qa2 $36 {[%mdl 2048] [#] zielt auf Da7 ab. Weiss steht aktiver.} Ne4 31. Qa7 Nd6 $1 32. Qb8+ Kg7 33. Bd7 f6 (33... Bc8 $1 $14) 34. Qh8+ $1 $18 ({Lieber nicht} 34. Qxc7 Bc8 $11) 34... Kxh8 35. Nxg6+ Kg7 36. Nxe7 {[%mdl 4096] Endspiel KLS-KLS} Kf7 37. Nf5 Nxf5 38. Bxf5 {KL-KL} c6 39. Bd7 Ke7 $2 (39... cxb5 {ist zäher.} 40. Bxb5 Ke7) 40. Bxc6 ({Weniger gut wäre} 40. bxc6 Ba6 $16) 40... Bxc6 41. bxc6 {KB-KB} Kd6 42. g4 Kxc6 43. h4 b5 44. Kf1 {Weiß setzt Matt.} b4 45. Ke2 Kb5 46. Kd3 Ka4 47. Kc2 Ka3 {[#]} 48. Kb1 $1 {Precision: Weiß = 74%, Schwarz = 39%.} 1-0

[Event "93rd ARG-ch 2018"]
[Site "Laprida"]
[Date "2018.07.22"]
[Round "5"]
[White "Perez Ponsa, Federico"]
[Black "Lorenzini, Martin"]
[Result "1/2-1/2"]
[WhiteElo "2547"]
[BlackElo "2423"]
[Annotator "TA"]
[PlyCount "184"]
[EventDate "2018.07.17"]
[EventType "tourn"]
[EventCountry "ARG"]
[SourceTitle "playchess.com"]
[Source "ChessBase"]
[SourceQuality "1"]

{[%evp 28,184,49,48,60,60,53,12,5,14,47,12,14,13,18,10,29,10,17,6,9,0,0,-3,23,24,22,21,21,21,22,14,21,21,21,21,25,22,21,21,23,23,23,23,23,23,23,8,8,8,9,0,23,23,23,23,23,23,23,0,23,23,38,23,23,23,38,38,38,38,38,38,38,38,38,38,38,38,41,38,38,38,38,38,38,38,38,38,38,8,8,12,20,0,29,20,29,30,30,4,30,0,30,0,30,0,68,0,0,0,68,0,0,0,68,0,68,0,0,0,8,0,0,0,3,0,0,0,0,0,0,0,0,0,0,0,0,0,8,8,8,7,8,8,16,8,8,8,8,8,8,8,8,8,8,8,8,-8,-8]} 1. e4 e5 2. Nf3 d6 3. d4 Nf6 4. Nc3 Nbd7 5. Bc4 Be7 6. a4 O-O 7. O-O c6 8. h3 a5 9. Re1 exd4 10. Qxd4 Nc5 {C41: Philidor Defence} 11. Bf4 Ne6 12. Bxe6 Bxe6 13. Rad1 d5 (13... Ne8 14. Qe3 Bd7 15. Nd2 Qb8 16. Nc4 Be6 17. Nd5 cxd5 18. exd5 b5 19. axb5 Qxb5 20. Qb3 {½-½ (20) Mosadeghpour,M (2518)-Kuzubov,Y (2695) Amol 2018}) 14. exd5 Nxd5 15. Nxd5 {LiveBook: 3 Games} Qxd5 16. Qxd5 cxd5 17. Bg5 $146 ({Predecessor:} 17. Nd4 Ra6 18. Nb5 Rc6 19. c3 Rc4 20. Rd4 Rfc8 21. Be5 Bf8 {½-½ (21) Petrov,M (2479)-Plat,V (2543) Cardiff 2018}) 17... Bc5 18. Be3 Be7 19. Bd4 Rfc8 20. c3 Rc4 21. Ra1 h6 22. Ne5 Rcc8 23. Nd3 Ra6 24. Re3 Bd6 25. Ne5 Bxe5 26. Rxe5 f6 27. Re3 Kf7 28. f3 Bd7 29. Kf2 Re8 30. Rxe8 Bxe8 $11 {[%mdl 4096] Endgame KRB-KRB} 31. g4 b5 32. axb5 Bxb5 33. b3 a4 34. bxa4 Rxa4 35. Rb1 Ra2+ 36. Kg3 Ba6 37. Rb6 Bf1 38. Rb7+ Kg8 39. Kf4 Ra8 40. h4 Rf8 41. Rd7 Bc4 42. Rd6 Re8 43. Rd7 Rf8 44. Kg3 Rf7 45. Rd6 Re7 46. f4 Kf7 47. f5 Kg8 48. Rd8+ Kh7 49. g5 hxg5 50. hxg5 fxg5 51. Kg4 Rb7 52. Re8 Bd3 53. Kxg5 Rb2 54. Re7 Rg2+ 55. Kf4 Kg8 56. Rd7 Bc4 57. Rd8+ Kh7 58. Ke5 Re2+ 59. Kd6 {[#] Strongly threatening Rd7.} Rg2 60. Ke6 Rg5 61. Re8 Bb3 62. Rb8 Bc4 63. Rb7 Kg8 64. Rb8+ Kh7 65. Rb7 Kg8 66. f6 Rg6 (66... gxf6 $11 67. Kxf6 Rg3) 67. Rb8+ (67. Rxg7+ $14 Rxg7 68. fxg7) 67... Kh7 68. Rb7 ({Better is} 68. Kf7 $11 gxf6 69. Re8 (69. Bxf6 d4+ 70. Ke7 Rg4 $11)) 68... Kg8 $14 69. Rb8+ ({White should try} 69. Rxg7+ $14 Rxg7 70. fxg7) 69... Kh7 $11 70. Rb7 (70. Rb2 $11 gxf6 71. Kf7) 70... Kg8 $14 71. Rc7 (71. Rxg7+ $14 Rxg7 72. fxg7) 71... Bb3 (71... gxf6 $11 72. Bxf6 Rg4) 72. Rc8+ (72. Rxg7+ $14 Rxg7 73. fxg7) 72... Kh7 $11 {The position is equal.} 73. Kf7 {[%cal Rf6g7]} gxf6 74. Bxf6 {[%csl Gf6][%cal Rc8h8] [#]} Rg8 75. Rc5 Rg4 76. Rc8 {[%csl Gf6][%cal Rc8h8]} Rg8 77. Rc7 d4+ 78. c4 d3 {...d2 is the strong threat.} 79. Rc5 {[%cal Rc5h5]} Bd1 80. Rd5 Rg3 81. Rd8 {[%csl Gf6][%cal Rd8h8]} Bh5+ 82. Ke6 Bg4+ (82... Rf3 {seems wilder.} 83. Rd6 Bg4+ 84. Kf7 Rf5 85. Rxd3 Rc5) 83. Ke5 Kg6 84. Bh4 Rg2 {Threatens to win with ...d2.} 85. Rxd3 Re2+ 86. Kd6 Re4 87. c5 Bf5 88. Rg3+ Rg4 89. c6 Rxg3 90. Bxg3 Bg4 91. c7 Bf5 92. c8=Q Bxc8 {Precision: White = 48%, Black = 72%.} 1/2-1/2

[Event "93rd ARG-ch 2018"]
[Site "Laprida"]
[Date "2018.07.22"]
[Round "5"]
[White "Villanueva, Mario"]
[Black "Lujan, Carolina"]
[Result "1-0"]
[WhiteElo "2481"]
[BlackElo "2329"]
[Annotator "TA"]
[PlyCount "99"]
[EventDate "2018.07.17"]
[EventType "tourn"]
[EventCountry "ARG"]
[SourceTitle "playchess.com"]
[Source "ChessBase"]
[SourceQuality "1"]

{[%evp 29,99,12,15,6,69,65,56,27,71,43,64,62,75,75,75,66,75,42,48,0,72,39,45,30,30,37,217,202,239,182,178,160,175,175,174,169,187,167,193,193,494,488,490,483,462,426,570,545,579,573,572,565,694,564,662,641,694,683,677,664,29978,29970,29964,29956,29980,29981,29980,29981,29985,29986,29986,29987]} 1. e4 c5 2. Nf3 Nc6 3. d4 cxd4 4. Nxd4 e5 5. Nb5 {[%cal Bd4b5,Bb5a3,Ba3c2][%mdl 32]} d6 6. N1c3 a6 7. Na3 b5 8. Nd5 Nf6 9. Bg5 Be7 10. Bxf6 Bxf6 11. c4 b4 {B33: Sicilian: Pelikan and Sveshnikov Variations} 12. Nc2 O-O 13. Be2 (13. g3 Rb8 14. b3 Be6 15. h4 Rb7 16. Rc1 a5 17. Bh3 Bxd5 18. cxd5 Na7 19. Bf1 {1-0 (78) Morozevich,A (2665)-Dubov,D (2701) Moscow 2018}) 13... Bg5 14. O-O a5 15. b3 Be6 {LiveBook: 9 Games} 16. a3 {[%cal Ra3b4]} Rb8 $146 (16... Qb8 $11) ({Predecessor:} 16... bxa3 17. Rxa3 Bxd5 18. Qxd5 Qb6 19. Rfa1 {½-½ (30) Zaslavsky,M (2433)-Gladyszev,O (2469) Israel 2011}) 17. axb4 $14 axb4 18. Ra4 Rb7 19. Ndxb4 Nxb4 20. Rxb4 Qb8 21. Rxb7 Qxb7 22. Qd3 ({Don't play} 22. Qxd6 $6 Qxb3 23. Qd3 Qxd3 $11) 22... g6 23. Na3 Ra8 24. Nc2 Qb6 (24... Rf8 $11) 25. h3 Ra2 26. Bg4 Bxg4 27. hxg4 Rb2 $2 (27... Qa5 $14) 28. b4 $18 {[%cal Bb3b4,Bb4c5,Bc5c6][%mdl 32]} Bh4 29. Qc3 Ra2 30. Ne3 Qa7 {[#]} 31. c5 $1 {[%cal Rc5c6] Threatens to win with c6.} Ra3 32. Qc4 dxc5 33. bxc5 Ra5 34. Rc1 {aiming for c6.} Be7 $2 (34... Bg5 35. Qc3 Bxe3 36. Qxe3 Qc7) 35. c6 Rc5 36. Qf1 Bd8 37. Nd5 Qa3 38. Rc4 Qa7 39. g3 Kg7 40. Qc1 Ra5 {[#] And now ...Ra1 would win.} 41. c7 Ra2 42. Rc2 Bxc7 {Strongly threatening ...Ra1.} 43. Rxa2 ({Inferior is} 43. Nxc7 Ra1 $11) 43... Qxa2 44. Nxc7 Qe2 45. Ne8+ {White mates.} Kf8 46. Nf6 Kg7 47. g5 {[%cal Bg4g5,Bg5h6][%mdl 32]} h6 48. Ne8+ Kh7 49. gxh6 g5 50. Qxg5 {Precision: White = 56%, Black = 37%.} 1-0

[Event "93rd ARG-ch 2018"]
[Site "Laprida"]
[Date "2018.07.22"]
[Round "5"]
[White "Acosta, Pablo Ismael"]
[Black "Real De Azua, Ernesto"]
[Result "1/2-1/2"]
[WhiteElo "2432"]
[BlackElo "2496"]
[Annotator "TA"]
[PlyCount "96"]
[EventDate "2018.07.17"]
[EventType "tourn"]
[EventCountry "ARG"]
[SourceTitle "playchess.com"]
[Source "ChessBase"]
[SourceQuality "1"]

{[%evp 12,96,9,12,27,24,20,0,0,0,0,-27,-30,-33,-45,-57,-62,-62,-48,-43,-46,-37,-35,-47,-23,-51,-8,-10,-10,-8,0,-20,-6,-18,0,-16,0,0,0,-14,0,-10,0,-20,0,0,0,0,0,0,9,9,9,9,9,9,9,9,9,0,9,0,9,9,9,10,10,6,6,6,110,0,8,8,9,0,0,0,0,0,0,0,0,0,0,0,0]} 1. d4 Nf6 2. Nf3 d5 3. Bf4 c5 4. e3 Nc6 5. Nc3 a6 6. dxc5 {D02: 1 d4 d5 2 Nf3 sidelines, including 2...Nf6 3 g3 and 2...Nf6 3 Bf4} e6 7. Na4 {LiveBook: 8 Games} Nd7 {[%cal Bf6d7,Bd7c5,Bc5d3][%mdl 32]} 8. c4 {White has an edge.} Nxc5 9. Nc3 {[%cal Rc4d5]} dxc4 10. Qxd8+ Nxd8 11. a4 $146 ({Predecessor:} 11. Bxc4 b5 {½-½ (95) Sadzikowski,D (2590)-Nenezic,M (2490) Fuengirola 2017}) 11... Nd3+ 12. Bxd3 $1 cxd3 13. O-O-O f6 14. Bc7 Bd7 15. Rxd3 {[#] Hoping for Rhd1.} Rc8 16. Bxd8 Rxd8 17. Rhd1 Be7 18. Kc2 Bc8 19. Rxd8+ Bxd8 20. Nd2 Ke7 21. Nc4 Bc7 22. b4 Rd8 23. Rb1 b6 ({Don't play} 23... Bxh2 $6 24. g3 $16) 24. f3 Bb7 25. b5 a5 26. Rc1 h5 27. Kb2 Rc8 28. h3 g5 29. Ne2 Bd8 30. Nd4 h4 31. e4 Kd7 32. Kb3 Ke7 33. Rd1 Ba8 34. Ne3 Kf7 35. Nc4 Ke7 36. Rc1 Bb7 37. Rc2 Kd7 38. Rd2 {[#] Black must now prevent Nf5+.} Ke7 39. Ne3 Bc7 40. Rc2 Kd7 (40... Bg3 $11 {remains equal.}) 41. Nc6 (41. Ng4 $16) 41... Bd6 {[%cal Rb7c6] The position is equal.} 42. Nc4 Bc5 43. N4xa5 (43. e5 {is more complex.} Bxc6 44. bxc6+ Kxc6 45. exf6 Rf8 46. f7) 43... bxa5 44. Rxc5 $11 {KRB-KRN} Kd6 45. Rc3 Bxc6 46. Rxc6+ Rxc6 47. bxc6 Kxc6 {...Kc5 is the strong threat.} 48. Kc4 e5 {Precision: White = 58%, Black = 40%.} 1/2-1/2

[Event "93rd ARG-ch 2018"]
[Site "Laprida"]
[Date "2018.07.22"]
[Round "5"]
[White "Pierrot, Facundo"]
[Black "Benedetti, Julio"]
[Result "1/2-1/2"]
[WhiteElo "2389"]
[BlackElo "2364"]
[Annotator "TA"]
[PlyCount "22"]
[EventDate "2018.07.17"]
[EventType "tourn"]
[EventCountry "ARG"]
[SourceTitle "playchess.com"]
[Source "ChessBase"]
[SourceQuality "1"]

{[%evp 9,22,14,26,5,9,14,28,7,25,0,-4,-4,0,0,0]} 1. d4 d5 2. Nf3 Nf6 3. Bf4 c5 4. e3 Bg4 (4... Nc6 5. Nbd2 cxd4 6. exd4 Bf5 7. c3 e6 8. Qb3 Bd6 9. Bg3 Bxg3 10. hxg3 Qd6 11. Qxb7 Rb8 12. Qa6 O-O {0-1 (36) Caruana,F (2816)-Grischuk,A (2766) Paris 2018}) 5. c3 Qb6 6. Qb3 {With the idea dxc5. D02: 1 d4 d5 2 Nf3 sidelines, including 2...Nf6 3 g3 and 2...Nf6 3 Bf4} Bxf3 7. gxf3 {Black should prevent dxc5.} e6 8. Nd2 Nc6 9. Qxb6 axb6 {The position is equal.} 10. Bb5 Be7 11. Ke2 $146 ({Predecessor:} 11. Bc7 Nd7 12. Rg1 O-O 13. Bg3 Rfc8 14. f4 Nf6 {0-1 (38) Joensen,J (1936)-Hojgaard,S (1912) Faroe Islands 2008}) 11... O-O 1/2-1/2

[Event "93rd ARG-ch 2018"]
[Site "Laprida"]
[Date "2018.07.22"]
[Round "5"]
[White "Gomez, Carlos David"]
[Black "Paveto, Kevin"]
[Result "0-1"]
[WhiteElo "2356"]
[BlackElo "2416"]
[Annotator "TA"]
[PlyCount "56"]
[EventDate "2018.07.17"]
[EventType "tourn"]
[EventCountry "ARG"]
[SourceTitle "playchess.com"]
[Source "ChessBase"]
[SourceQuality "1"]

{[%evp 10,56,25,34,49,19,20,0,4,-8,-18,-17,-29,-216,-214,-200,-216,-213,-216,-180,-146,-162,-127,-162,-170,-147,-135,-153,-144,-137,-129,-179,-195,-322,-292,-285,-261,-390,-387,-360,-375,-355,-365,-456,-457,-857,-836,-29993,-29994]} 1. d4 d6 2. c4 e5 3. Nf3 e4 4. Ng5 f5 5. Nc3 Nf6 6. f3 {LiveBook: 20 Partien} c6 {A21: Englische Eröffnung} (6... exf3 7. exf3 g6 8. Qe2+ Qe7 9. Nb5 Na6 10. Bd2 Qxe2+ 11. Bxe2 c6 12. Nc3 Nc7 13. O-O-O Be7 14. Rhe1 {1-0 (57) Koch,T (2474)-Fridman,R (2466) Germany 2016}) 7. e3 {[%cal Rf3e4]} d5 $146 ({Vorgänger:} 7... h6 8. Nh3 Be6 9. d5 Bf7 10. fxe4 fxe4 11. Be2 Na6 12. O-O Be7 13. b3 O-O 14. Nf2 {0-1 (48) Simons,J (1900)-Riediger,M (2215) Passau 1997}) 8. cxd5 cxd5 {Die Stellung ist ausgeglichen.} 9. Bb5+ Nc6 10. O-O Bd6 11. Nxd5 $2 (11. fxe4 $11 fxe4 12. Bd2) 11... Nxd5 $19 12. fxe4 Nc7 ({Schlechter ist} 12... Qxg5 13. exd5 a6 14. Ba4 $11) 13. Bxc6+ bxc6 14. Qc2 Be7 ({Bloß nicht} 14... Qxg5 15. Qxc6+ Ke7 16. e5 $17) 15. Nf3 fxe4 16. Qxc6+ Qd7 17. Qxe4 O-O $36 {[%mdl 2048] Weiss steht unter starkem Druck.} 18. Bd2 Ba6 19. Rfc1 Bd6 20. Ng5 {[%csl Gg5][%cal Re4h7]} g6 $1 21. Ba5 {[#]} (21. Qh4 $142) 21... Rae8 $1 22. Qh4 Rf5 ({Weniger gut wäre} 22... Rxe3 23. Bxc7 Bxc7 {[#]} 24. Nxh7 $1 $17 {[%mdl 512]}) 23. Bd2 (23. Qxh7+ $142 Qxh7 24. Nxh7 Rxa5 25. Nf6+ Kg7 26. Nxe8+ Nxe8 27. h3) 23... Ne6 24. e4 {[#]} Rxg5 $1 {[%mdl 512]} 25. Bxg5 Nxd4 26. Kh1 Bb7 27. Qf2 (27. Re1 $142 Nc2 28. e5 Nxe1 29. Qc4+ Re6 30. Rxe1 Bxe5 31. b3) 27... Rxe4 {Und weiter mit ...Te2 wäre nett.} 28. Rd1 {[#]} Qh3 $1 {[%mdl 512] Precision: Weiß = 28%, Schwarz = 73%.} 0-1

[Event "93rd ARG-ch 2018"]
[Site "Laprida"]
[Date "2018.07.23"]
[Round "6"]
[White "Real De Azua, Ernesto"]
[Black "Perez Ponsa, Federico"]
[Result "1/2-1/2"]
[WhiteElo "2496"]
[BlackElo "2547"]
[Annotator "TA"]
[PlyCount "28"]
[EventDate "2018.07.17"]
[EventType "tourn"]
[EventCountry "ARG"]
[SourceTitle "playchess.com"]
[Source "ChessBase"]
[SourceQuality "1"]

{[%evp 15,28,45,47,52,52,54,43,39,53,49,50,46,51,24,34]} 1. d4 Nf6 2. c4 g6 3. Nc3 Bg7 4. e4 d6 5. h3 O-O 6. Be3 Na6 7. g4 {E71: King's Indian: 4 e4 d6 5 h3} c5 8. Nge2 b6 {LiveBook: 3 Games} 9. Bg2 {e5 is the strong threat.White is slightly better.} (9. e5 Ne8 10. Bg2 Rb8 11. O-O Bb7 12. Bxb7 Rxb7 13. Qa4 Nec7 14. exd6 exd6 {½-½ (60) Caruana,F (2811)-Adhiban,B (2655) Wijk aan Zee 2018}) 9... e5 10. d5 Nc7 11. a4 Rb8 12. Ng3 a6 13. Bf1 $146 ({Predecessor:} 13. b3 b5 14. a5 bxc4 15. bxc4 {0-1 (45) Warmerdam,M (2387)-Ten Hertog,H (2466) Vlissingen 2017}) 13... Bd7 14. Bd3 b5 1/2-1/2